000 00962nam a2200265 i 4500
001 bg
100 1 _aŁukowski, Paweł.
245 0 _aRola polimerów w kształtowaniu właściwości spoiw i kompozytów polimerowo-cementowych /
_cPaweł Łukowski.
260 _aWarszawa :
_bOficyna Wydawnicza Politechniki Warszawskiej,
_c2008.
300 _a159 s. :
_bil. ;
_c24 cm.
490 1 _aPrace Naukowe / Politechnika Warszawska. Budownictwo,
_x0137-2297 ;
_vz. 148
500 _aOpis wg okł. Tyt. nagł. serii : Prace Naukowe Politechniki Warszawskiej.
504 _aBibliogr. s. 138-155.
546 _aStreszcz. ang.
650 9 _aPolimery
_xstosowanie
650 9 _aKompozyty
_xmechanika
830 0 _aPrace Naukowe - Politechnika Warszawska.
_pBudownictwo,
_x0137-2297 ;
_vz. 148
022 _a01372297
040 _cBPK
041 0 _apol
_beng
044 _aPOL
080 _a678.7:620.17
942 _cKS
008 s pl f |000 0 pol
999 _c55075
_d55075
856 _uhttp://koha.tu.koszalin.pl/cgi-bin/koha/opac-detail.pl?biblionumber=55075
_yKatalog online BPK